000 00462nab a2200145Ia 4500
003 ES-SlBCS
005 20210601133832.0
008 140529s1982 xxu||||| |||| 00| 0 por d
041 _apor
100 1 _aSouza, Francisco José de
_9210349
245 0 0 _aFilosofia e Comunicaçao. A Liberdade
_c Francisco José de Souza
650 0 4 _aFilosofía-Comunicación
_9210350
773 0 _tPresença Filosofica
_gvol. 8, nº. 3-4, 1982, págs. 82-85
_wRev966
942 _cAR
999 _c602886
_d602886